Gedole ha-dorot. (Record no. 31471)

MARC details
000 -LEADER
fixed length control field 00563cam a22002171 4500
001 - CONTROL NUMBER
control field he 66000175
003 - CONTROL NUMBER IDENTIFIER
control field DLC
005 - DATE AND TIME OF LATEST TRANSACTION
control field 20260227111435.0
008 - FIXED-LENGTH DATA ELEMENTS--GENERAL INFORMATION
fixed length control field 830728s1964 is 000 0 heb
010 ## - LIBRARY OF CONGRESS CONTROL NUMBER
LC control number he 66000175
035 ## - SYSTEM CONTROL NUMBER
System control number (OCoLC)19148860
040 ## - CATALOGING SOURCE
Original cataloging agency DLC
Transcribing agency MH
Modifying agency DLC
042 ## - AUTHENTICATION CODE
Authentication code premarc
050 00 - LIBRARY OF CONGRESS CALL NUMBER
Classification number CT203.H4
Item number C6
100 1# - MAIN ENTRY--PERSONAL NAME
Personal name Cohen, Adir.
245 10 - TITLE STATEMENT
Title Gedole ha-dorot.
260 ## - PUBLICATION, DISTRIBUTION, ETC.
Place of publication, distribution, etc. Tel Aviv :
Name of publisher, distributor, etc. A. Zelḳovits,
Date of publication, distribution, etc. [1964]
300 ## - PHYSICAL DESCRIPTION
Extent 680 columns :
Other physical details ill., ports. ;
Dimensions 25 cm.
650 #0 - SUBJECT ADDED ENTRY--TOPICAL TERM
Topical term or geographic name entry element Biography
Form subdivision Dictionaries.
752 ## - ADDED ENTRY--HIERARCHICAL PLACE NAME
Country or larger entity Israel
City Tel Aviv

No items available.

Powered by Koha